LDR 00805naa#a2200181#i#450# 001 RU\RIOR\bibl\126273 005 20260629092820.1 011 ## _a2409-6024 100 ## _a20260530b2026####ek#y0rusy0150####ca 102 ## _aRU 200 1# _aИНСТРУМЕНТАРИЙ ДЛЯ СТРУКТУРИРОВАНИЯ ИНКЛЮЗИВНЫХ УСЛУГ В ИНДУСТРИИ ГОСТЕПРИИМСТВА _eЖурнальная статья 210 1# _aМосква _cООО "Издательский Центр РИОР" _d2026 215 ## _a10 с. 608 ## _aЖурнальная статья _2local 675 ## _aТеория оказания социальной помощи. 364.01 _z 700 #1 _aГлинская _gОльга Сергеевна 700 #1 _aГрибовская _gОльга Сергеевна 856 4# _arusjm.ru _u